El ajuste por inflación ante el decreto 316/95 (Registro nro. 8324)
[ vista simple ]
| 000 -LEADER | |
|---|---|
| fixed length control field | 00985 a2200313 4500 |
| 001 - CONTROL NUMBER | |
| control field | 63764 |
| 005 - DATE AND TIME OF LATEST TRANSACTION | |
| control field | 20260407155937.0 |
| 008 - FIXED-LENGTH DATA ELEMENTS--GENERAL INFORMATION | |
| fixed length control field | 260407a1996 arg spa d |
| 003 - CONTROL NUMBER IDENTIFIER | |
| control field | AR-UNSa-BCEJYS |
| 040 ## - CATALOGING SOURCE | |
| Original cataloging agency | AR-UNSa-BCEJYS |
| Language of cataloging | spa |
| Transcribing agency | AR-UNSa-BCEJYS |
| 080 ## - UNIVERSAL DECIMAL CLASSIFICATION NUMBER | |
| Universal Decimal Classification number | 657.23 |
| Common auxiliary subdivision | Compensaciones. Correcciones. Ajustes (devaluación monetaria) |
| 020 ## - INTERNATIONAL STANDARD BOOK NUMBER | |
| International Standard Book Number | 978-950-811-041-1 |
| 041 ## - LANGUAGE CODE | |
| Language code of text/sound track or separate title | spa |
| 100 1# - MAIN ENTRY--PERSONAL NAME | |
| Personal name | Chaves, Osvaldo Argentino |
| 245 10 - TITLE STATEMENT | |
| Title | El ajuste por inflación ante el decreto 316/95 |
| 264 #1 - PRODUCTION, PUBLICATION, DISTRIBUTION, MANUFACTURE, AND COPYRIGHT NOTICE | |
| Place of production, publication, distribution, manufacture | Buenos Aires : |
| Name of producer, publisher, distributor, manufacturer | Ediciones Nueva Técnica |
| Date of production, publication, distribution, manufacture, or copyright notice | 1996 |
| 300 ## - PHYSICAL DESCRIPTION | |
| Extent | 50 p. |
| Dimensions | 27 cm. |
| 590 ## - LOCAL NOTE (RLIN) | |
| Local note | niveau_biblio:m niveau_hierar:0 |
| 700 1# - ADDED ENTRY--PERSONAL NAME | |
| Personal name | Basile, Dante Sebastián |
| 700 1# - ADDED ENTRY--PERSONAL NAME | |
| Personal name | De Lellis, Ricardo |
| 700 1# - ADDED ENTRY--PERSONAL NAME | |
| Personal name | Fowler Newton, Enrique |
| 700 1# - ADDED ENTRY--PERSONAL NAME | |
| Personal name | Fronti de García, Luisa |
| 700 1# - ADDED ENTRY--PERSONAL NAME | |
| Personal name | Oklander, Juan |
| 700 1# - ADDED ENTRY--PERSONAL NAME | |
| Personal name | Pahlen Acuña, Ricardo Jose María |
| 700 1# - ADDED ENTRY--PERSONAL NAME | |
| Personal name | Sánchez Brot, Luis E. |
| 700 1# - ADDED ENTRY--PERSONAL NAME | |
| Personal name | Viegas, Juan Carlos |
| 700 1# - ADDED ENTRY--PERSONAL NAME | |
| Personal name | Wainstein, Mario |
| 942 ## - ADDED ENTRY ELEMENTS (KOHA) | |
| Koha item type | |
| Withdrawn status | Lost status | Damaged status | Not for loan | Home library | Current library | Shelving location | Date acquired | Total checkouts | Full call number | Barcode | Date last seen | Price effective from | Koha item type |
|---|---|---|---|---|---|---|---|---|---|---|---|---|---|
| Biblioteca Prof. Eusebio Cleto del Rey | Biblioteca Prof. Eusebio Cleto del Rey | 07/04/2026 | 657.23 C512 | L70031 | 07/04/2026 | 07/04/2026 | Libro | ||||||
| Biblioteca Prof. Eusebio Cleto del Rey | Biblioteca Prof. Eusebio Cleto del Rey | 07/04/2026 | 657.23 C512 | L70032 | 07/04/2026 | 07/04/2026 | Libro |